000 00575nam a2200169 a 4500
005 20111208123050.0
020 _a9789350331187
_c$ 4.99
037 _bBlueberry Books
245 _aJack and the beanstalk
260 _aNOIDA
_bMaple Press
_c201?
270 _aH-205, Sector-63,
_bNOIDA
_e201307
300 _aunpaged
_c15cm(Hb)
_bill.
490 _aLet's read
_vLevel-3
_936630
856 _3Table of contents
_uhttp://www.loc.gov/catdir/toc/ecip0516/2005020735.html
942 _2ddc
_cCH
_mJAC
999 _c59110
_d59110